Introduction to modern inorganic chemistry
| Main Author: | |
|---|---|
| Format: | Section = Libro |
| Language: | Undetermined Spanish |
| Published: |
london
International Texbook
1981
|
| Edition: | 3a.ed. |
| Subjects: |
| LEADER | 00591nam a2200217Ia 4500 | ||
|---|---|---|---|
| 008 | 240830s9999 xx 000 0 und d | ||
| 020 | |a 0-7002-0278-1 | ||
| 040 | |a CEDOC FIQ-RUSB / 546 R165 | ||
| 041 | |a spa | ||
| 082 | |a 546 R165 | ||
| 100 | 1 | |a Mackay, K. M. | |
| 245 | 1 | 0 | |a Introduction to modern inorganic chemistry |
| 250 | |a 3a.ed. | ||
| 260 | |a london |b International Texbook |c 1981 | ||
| 300 | |a 349 p. :il. | ||
| 650 | 7 | |a QUÍMICA INORGÁNICA | |
| 650 | 7 | |b LA DOBLE NATURALEZA DE LA ELECTRICIDAD | |
| 650 | 7 | |c ÁTOMO DE HIDRÓGENO | |
| 942 | |c BK |2 ddc | ||
| 991 | |a TEXTO | ||
| 999 | |c 13933 | ||